00700nam a2200193 a 450000100100000000500170001000800410002702000150006804000250008308200150010810000300012324501050015326000300025849000360028883000430032404900090036795201130037699900170048900002286720200930021839.0101119s1990 dr r 000 0 spa d a9800004491 aDO-SdBNPbspacBNPHU axxxbC331d1 aCarvallo, Gastón92771910aDesobediencia social en Venezuela /cGastón Carvallo , Ocarina Castillo D. , Nelson Prato Barbosa. aCaracas :bCENDES,c1990. aJosé Agustín Michelena ;v3 0aJosé Agustín Michelena ;v3946997 aBNGR 0010718PDaGRbGRcCTd2010-11-19iLF1l0oxxx C331dp22867-10r2020-06-25w2020-06-25yLFPDZNo se presta c22364d22364